000 00464nmm a2200169Ia 4500
008 251105s9999||||xx |||||||||||||||||und||
041 _aspa
100 _aLem, Stanisław
245 0 _aMáscara
264 _a[Madrid, España] :
_bImpedimenta,
_c2015
300 _a424 páginas
650 _aScience fiction & Fantasy
700 _aLem, Stanisław
700 1 _a Orzechowska, Joanna
856 _uhttps://public.digitaliapublishing.com/a/50499
942 _cCF
999 _c67764
_d67764